000 00667nam a2200241Ia 4500
003 OSt
005 20220924130025.0
006 a|||||r|||| 00| 0
007 ta
008 220923b |||||||| |||| 00| 0 per d
024 _a327338
037 _cTextual
040 _aARTS
_cARTS
_bper
041 _2per
_aper
082 _aO164,1J00,1, K4
100 _aGurkani Mehar Ali Tr.
_9199377
245 0 _aDiwan Maulana Muhtasham Kashani
260 _aTehran
_bKitab faroshi Iran
_c1964
300 _a607p.
_ccm.
650 _aPERSIAN POETRY
942 _hO164,1J00,1, K4
_cTEXL
_2CC
999 _c423884
_d423884